000 00789nam a2200229 a 4500
001 000010582
003 OSt
005 20240412074219.0
008 091008s1996 dr 001 m spa d
040 _aDO-SdBNP
_bspa
_cBNPHU
082 4 _aRD863.44
_bM971a
_222
100 1 _aMuñoz Marte, Emilio Antonio,
_d1927-
_925658
245 1 3 _aEl americano :
_bprosas históricas y cuentos de mestizajes 1492-2492 /
_cEmilio Antonio Muñoz Marte.
260 _aSanto Domingo :
_bAlfa y Omega,
_c1996.
300 _a221 p. ;
_c21 cm.
500 _aIncluye datos biográficos del autor en la contracubierta.
590 _aInventariado, 2018/VM
650 0 _aCuentos dominicanos
_9176
650 0 _aLiteratura dominicana.
_967
910 _aValidado. Control de calidad. MMOLINA
942 _2ddc
_cLBS1
999 _c10340
_d10340